الدكتور عدنان النحوي أديباً و ناقدا / (Record no. 65)

MARC details
000 -LEADER
fixed length control field 00617nam a22002057a 4500
005 - DATE AND TIME OF LATEST TRANSACTION
control field 20251108163331.0
008 - FIXED-LENGTH DATA ELEMENTS--GENERAL INFORMATION
fixed length control field 250721s2011 xx 000 0 ara d
082 14 - DEWEY DECIMAL CLASSIFICATION NUMBER
Classification number 928.1/كحي
100 1# - MAIN ENTRY--PERSONAL NAME
Personal name الكحيلي، ابتسام
245 10 - TITLE STATEMENT
Title الدكتور عدنان النحوي أديباً و ناقدا /
250 ## - EDITION STATEMENT
Edition statement ط2.
264 1# - PRODUCTION, PUBLICATION, DISTRIBUTION, MANUFACTURE, AND COPYRIGHT NOTICE
Place of production, publication, distribution, manufacture الرياض :
Name of producer, publisher, distributor, manufacturer دار أطلس الخضراء للنشر و التوزيع،
Date of production, publication, distribution, manufacture, or copyright notice 2011.
300 ## - PHYSICAL DESCRIPTION
Extent 398ص.
650 17 - SUBJECT ADDED ENTRY--TOPICAL TERM
Topical term or geographic name as entry element التاريخ
650 17 - SUBJECT ADDED ENTRY--TOPICAL TERM
Topical term or geographic name as entry element التراجم
650 17 - SUBJECT ADDED ENTRY--TOPICAL TERM
Topical term or geographic name as entry element الادباء العرب
650 17 - SUBJECT ADDED ENTRY--TOPICAL TERM
Topical term or geographic name as entry element السعودية
942 ## - ADDED ENTRY ELEMENTS (KOHA)
Source of classification or shelving scheme Dewey Decimal Classification
Koha item type Books
Holdings
حالة السحب حالة الفقدان مصدر التصنيف حالة التلف غير قابل للإعارة المكتبة الرئيسية المكتبة الحالية موقع الرف تاريخ التزويد الرقم المتسلسل Total Checkouts رقم الإستدعاء الباركود تاريخ آخر ظهور تاريخ الفاتورة نوع المادة (كوها)
    Dewey Decimal Classification     المكتبة المركزية المكتبة المركزية الإعارة 28/07/2025 1504761   928.1/كحي PLD00235055 28/07/2025 28/07/2025 Books
    Dewey Decimal Classification     مكتبة أبو علندا العامة مكتبة أبو علندا العامة الإعارة 07/12/2011 1504762   928.1/كحي PLD00235263 28/07/2025 07/12/2011 Books
    Dewey Decimal Classification     مكتبة الأميرة ايمان العامة مكتبة الأميرة ايمان العامة الإعارة 07/12/2011 1504763   928.1/كحي PLD00235264 28/07/2025 07/12/2011 Books
    Dewey Decimal Classification     مكتبة النصر العامة مكتبة النصر العامة الإعارة 07/12/2011 1504764   928.1/كحي PLD00235265 28/07/2025 07/12/2011 Books
Implemented & Customized by: BBB with SCIT (Smart Chains for Information Technology)

Powered by Koha